00430nam a2200181 a 450000100060000000300090000600800410001502000150005604000280007108200090009910000160010824500220012426000300014630000110017649000160018765000220020365000230022517383CO-ViMGA141112s2004 ck r 000 u spa d a9580442800 aCO-ViMGAbspacCO-ViMGA04aSTIc1 aStine, R.L.10aEl conejo malvado aBogotá, cNorma, c1998 a132.p. aEscalofrios14aCUENTOS DE TERROR14aCUENTOS INFANTILES